00313nam a2200121Ia 4500008004100000041000800041082001200049100001500061245001400076260006600090300002400156365001100180240624s9999 xx 000 0 und d aeng a823 BAL aBALLE FRED aGOLD MINE c2010aHyderabadbProductivity and Quality Publishing Pvt.Ltd. a348 : p. : cm. ; 22 cRSb20